Представление документа в формате RUSMARC

ПолеНазваниеЗначение
  Тип записи a
  Библиографический уровень a
001 Контрольный номер RU/CBS_UL/BASE/cd8d8ca8c5ba4a77b4c77ee6af7ea179
005 Дата корректировки 20251127140537.4
100 Данные общей обработки __
a Данные общей обработки 20251127 ||| 0rusy0189 ca
101 Язык документа 0_
a Язык текста rus
102 Страна публикации __
a Страна публикации RU
200 Заглавие и сведения об ответственности 1_
a Заглавие Его величество самовар
e Сведения, относящиеся к заглавию [история самовара]
f Первые сведения об ответственности Г. Давыдов
300 Общие примечания __
a Общие примечания 16+
461 Уровень набора _0
1 2000
a 60 лет - не возраст
463 Уровень физической единицы _0
1 2000
a № 10
v С. 68-71 : ил
1 2101
d 2025
1 001RU/CBS_UL/BASE/a7d951609e0a422cb2bae5cb488140af
606 Тематические рубрики 0_
a Основная рубрика Самовары
610 Ключевые слова 0_
a Ключевые слова самовары
610 Ключевые слова 0_
a Ключевые слова история самоваров
610 Ключевые слова 0_
a Ключевые слова легенды о самоварах
610 Ключевые слова 0_
a Ключевые слова тульские самовары
610 Ключевые слова 0_
a Ключевые слова самовары тульские
610 Ключевые слова 0_
a Ключевые слова самоварное производство
686 Индексы других классификаций __
2 Код системы rubbk
a Классификационный индекс 37.272
700 Автор _1
a Фамилия Давыдов
b Имя (инициалы) Г.
801 Источник записи _0
a Страна RU
b Организация МБУК ЦБС г. Ульяновска
c Дата составления 20251127
g Правила каталогизации RCR
801 Источник записи _1
a Страна RU
b Организация МБУК ЦБС г. Ульяновска
c Дата составления 20251127
g Правила каталогизации RCR
901 Тип документа __
t Тип документа b
w Контрольный № источника RU/CBS_UL/BASE/a7d951609e0a422cb2bae5cb488140af
909 Создатель записи __
a Создатель записи lib2